The Problems of Philosophy (Record no. 235155)
[ view plain ]
| 000 -LEADER | |
|---|---|
| fixed length control field | 01207cam a22002653a 4500 |
| 001 - CONTROL NUMBER | |
| control field | 5827 |
| 003 - CONTROL NUMBER IDENTIFIER | |
| control field | PGUSA |
| 005 - DATE AND TIME OF LATEST TRANSACTION | |
| control field | 20140828083125.0 |
| 008 - FIXED-LENGTH DATA ELEMENTS--GENERAL INFORMATION | |
| fixed length control field | 040601s2004||||xxu|||||s|||||000 | eng d |
| 040 ## - CATALOGING SOURCE | |
| Original cataloging agency | PGUSA |
| Language of cataloging | eng |
| 042 ## - AUTHENTICATION CODE | |
| Authentication code | dc |
| 050 #4 - LIBRARY OF CONGRESS CALL NUMBER | |
| Classification number | B |
| 100 1# - MAIN ENTRY--PERSONAL NAME | |
| Personal name | Russell, Bertrand, |
| Dates associated with a name | 1872-1970 |
| 245 14 - TITLE STATEMENT | |
| Title | The Problems of Philosophy |
| Medium | [electronic resource] / |
| Statement of responsibility, etc | Bertrand Russell |
| 260 ## - PUBLICATION, DISTRIBUTION, ETC. (IMPRINT) | |
| Name of publisher, distributor, etc | Project Gutenberg, |
| Date of publication, distribution, etc | 2004 |
| 505 0# - FORMATTED CONTENTS NOTE | |
| Formatted contents note | Appearance and reality -- The existence of matter -- The nature of matter -- Idealism -- Knowledge by acquaintance and knowledge by description -- On induction -- On our knowledge of general principles -- How a priori knowledge is possible -- The world of universals -- On our knowledge of universals -- On intuitive knowledge -- Truth and falsehood -- Knowledge, error, and probable opinion -- The limits of philosophical knowledge -- The value of philosophy -- Bibliographical note. |
| 506 ## - RESTRICTIONS ON ACCESS NOTE | |
| Terms governing access | Public domain in the USA. |
| 516 ## - TYPE OF COMPUTER FILE OR DATA NOTE | |
| Type of computer file or data note | Electronic text |
| 653 ## - INDEX TERM--UNCONTROLLED | |
| Uncontrolled term | Metaphysics |
| 653 ## - INDEX TERM--UNCONTROLLED | |
| Uncontrolled term | Philosophy -- Introductions |
| 653 ## - INDEX TERM--UNCONTROLLED | |
| Uncontrolled term | Knowledge, Theory of |
| 830 #0 - SERIES ADDED ENTRY--UNIFORM TITLE | |
| Uniform title | Project Gutenberg |
| Volume number/sequential designation | 5827 |
| 856 40 - ELECTRONIC LOCATION AND ACCESS | |
| Uniform Resource Identifier | <a href="http://www.gutenberg.org/ebooks/5827">http://www.gutenberg.org/ebooks/5827</a> |
| 942 ## - ADDED ENTRY ELEMENTS (KOHA) | |
| Koha item type | eBooks |
| Withdrawn status | Lost status | Damaged status | Home library | Current library | Date acquired | Total Checkouts | Date last seen | Price effective from | Koha item type |
|---|---|---|---|---|---|---|---|---|---|
| Project Gutenberg | Project Gutenberg | 08/28/2014 | 08/28/2014 | 08/28/2014 | eBooks |